|
|
|
|
| LEADER |
00000nab#a22000007a#4500 |
| 001 |
arbauad042659 |
| 003 |
AR-BaUAD |
| 005 |
20250711113322.0 |
| 008 |
000216|||||||||###||||||b###|0###a|spa|| |
| 040 |
|
|
|a AR-BaUAD
|c AR-BaUAD
|b spa
|
| 100 |
|
|
|a Delassein, Sophie
|
| 245 |
|
|
|a Valérie Rauchbach, sous le sable les souvenirs /
|c Sophie Delassein;
|
| 300 |
0 |
|
|b fot. col.
|
| 500 |
|
|
|a Arena y/o ceniza volcánica.
|
| 653 |
|
|
|a FRANCIA
|
| 653 |
|
|
|a FIAC 1994
|
| 653 |
|
|
|a FOIRE INTERNATIONALE D'ART CONTEMPORAIN
|
| 653 |
|
|
|a RAUCHBACH, VALERIE
|
| 653 |
|
|
|a ARTE CONTEMPORANEO
|
| 653 |
|
|
|a ALTORRELIEVES
|
| 653 |
|
|
|a ARENA
|
| 653 |
|
|
|a TECNICAS DE REPRESENTACION
|
| 773 |
0 |
|
|t L'OEIL
|g no. 465 [oct. 1994], p. 52-55
|
| 942 |
|
|
|c ARTI
|
| 952 |
|
|
|0 0
|1 0
|4 0
|7 0
|9 87578
|a AR-BAuAD
|b AR-BAuAD
|d 2025-07-11
|l 0
|p AAQA042659
|r 2025-07-11 11:33:22
|w 2025-07-11
|y ARTI
|
| 990 |
|
|
|a A199
|b TD
|
| 998 |
|
|
|a AAQ
|b BIBUN76
|
| 999 |
|
|
|c 67251
|d 67251
|